000 00287nam a22001097a 4500
008 170120b xxu||||| |||| 00| 0 eng d
020 _a9780721603476
041 _aeng
080 _23RD
_a618.2
245 _aCOMPREHENSIE REIEW FOR THE NCLEX-RN EXAMINATION
_cSILVESTRI, L.A
942 _2udc
_cBK
999 _c3222
_d3222